SIMULATION MODELING AND ANALYSIS (Record no. 14663)

MARC details
000 -LEADER
fixed length control field 00350nam a22001577a 4500
003 - CONTROL NUMBER IDENTIFIER
control field SGT
020 ## - INTERNATIONAL STANDARD BOOK NUMBER
International Standard Book Number 978-0-07--066733-4
082 ## - DEWEY DECIMAL CLASSIFICATION NUMBER
Classification number 003.3
Item number LAW
100 ## - MAIN ENTRY--PERSONAL NAME
Personal name LAW,AVERILL.M
245 ## - TITLE STATEMENT
Title SIMULATION MODELING AND ANALYSIS
250 ## - EDITION STATEMENT
Edition statement 4TH
260 ## - PUBLICATION, DISTRIBUTION, ETC. (IMPRINT)
Place of publication, distribution, etc CHENNAI
Name of publisher, distributor, etc MC-GRAW HILL EDUCATION
Year of Publication 2017
300 ## - PAGE DESCRIPTION
No. of Pages 768
650 ## - SUBJECT ADDED ENTRY--TOPICAL TERM
Topical term or geographic name as entry element ECE
942 ## - ADDED ENTRY ELEMENTS (KOHA)
Source of classification or shelving scheme Dewey Decimal Classification
Koha item type Books
Holdings
Withdrawn status Lost status Source of classification or shelving scheme Damaged status Not for loan Collection code Home library Current library Shelving location Date acquired Vendor Name Cost, normal purchase price SGTU Bill Number Total Checkouts Full call number Accession No. (Barcode) Date last seen Bill Date Koha item type
    Dewey Decimal Classification     ENGINEERING SGT Engineering Library SGT Engineering Library Reference Book 23/01/2018 KIRTI PRAKASHAN (NEW DELHI ) 825.00 SGTU IN1297   003.3 LAW FE7045 23/01/2018   Books